000 00874nam a2200253Ia 4500
003 OSt
005 20220925205008.0
006 a|||||r|||| 00| 0
007 ta
008 220923b |||||||| |||| 00| 0 eng d
020 _a9780754646563
_c5589.6400000000003
037 _bG-4561/13-14, 20/03/2014, Manohar Publishers & Distributors
_cGeneral Book
040 _aRTL
_cRTL
_beng
041 _2eng
_aeng
082 _aY11:(R), P6
100 _aCOSTALL Alan
_9269408
245 0 _aDoing things with things
_b The design and use of everyday objects
260 _aHampshire
_bAshgate
_c2006
300 _aix, 242p.
_ccm.
500 _aBibliography:P 235-258
700 _a DREIER Ole
_9269409
942 _hY11:(R), P6
_cGB
_2CC
999 _c550937
_d550937